| 000 | 00707nam a2200217 i 4500 | ||
|---|---|---|---|
| 001 | 97435 | ||
| 003 | ES-MaACL | ||
| 005 | 20250812040736.0 | ||
| 007 | t| | ||
| 008 | 050712s1962 sp ||||1| spa d | ||
| 080 | _a729.313.5 | ||
| 100 | 1 |
_aMarcos Pous, Alejandro. _976538 |
|
| 245 | 1 | 4 |
_aLos canceles paleocristianos de la ciudad de Roma : _btesis doctoral / _cAlejandro Marcos Pous. |
| 260 |
_aMadrid : _bFacultad de FilosofĂa y Letras, _c1962. |
||
| 300 |
_a40 p. ; _c20 cm. |
||
| 502 | _aTesis doctoral. | ||
| 650 | 7 |
_aArte paleocristiano _2embne _9145462 |
|
| 710 | 2 |
_aUniversidad de Madrid. _bFacultad de FilosofĂa y Letras. _97214 |
|
| 852 |
_aES-MaACL _j2029-F-15 |
||
| 999 |
_c97435 _d97435 |
||